| 000 | 00695cam a2200217 a 4500 | ||
|---|---|---|---|
| 001 | 000010220 | ||
| 005 | 20200929161913.0 | ||
| 008 | 920108s1988 cu 000 p spa | ||
| 035 | _a(DLC) 92102258 | ||
| 040 |
_aDO-SdBNP _cDLC _dBNPHU |
||
| 082 |
_aCu861.44 _bP651b |
||
| 100 | 1 |
_aPiñera, Virgilio, _d1912-1979. _921420 |
|
| 245 | 1 | 4 |
_aUna broma colosal / _cVirgilio Piñera ; edición, Luis Marré. |
| 260 |
_aCiudad de La Habana : _bUnión de Escritores y Artistas de Cuba, _c1988. |
||
| 300 |
_a112 p. ; _c19 cm. |
||
| 650 | 4 |
_aPoesía cubana _95226 |
|
| 650 | 4 |
_aLiteratura cubana _91483 |
|
| 700 | 1 |
_aMarré, Luis, _eed. _917357 |
|
| 910 | _aCatalogación por copia / LC | ||
| 049 | _aBNGR | ||
| 999 |
_c9979 _d9979 |
||